|
|
|
|
| LEADER |
00956nam a2200217 a 4500 |
| 001 |
00026798 |
| 008 |
130418s2008 bg a b 001 0 eng d |
| 020 |
|
|
|a 9789843313928
|
| 040 |
|
|
|a BD-DhAAL
|c BD-DhAAL
|
| 082 |
0 |
0 |
|a 351.5492
|2 22
|
| 100 |
1 |
|
|a Choudhury, Jamshed Sanyiath Ahmed.
|
| 245 |
1 |
0 |
|a Bangladesh :
|b failure of a parliamentary government,1973-75 \
|c Jamshed Sanyiath Ahmed Choudhury
|
| 260 |
|
|
|a Dhaka :
|b Pathak Shamabesh ;
|b Jamshed Foundation,
|c 2008.
|
| 300 |
|
|
|a xiii, 255 p. ;
|c 25 cm.
|
| 504 |
|
|
|a Includes bibliographical references and index.
|
| 541 |
|
|
|e 00026798
|
| 650 |
|
0 |
|a Bangladesh
|x Jātīẏa Sṃsada.
|
| 650 |
|
0 |
|a Bangladesh
|x Politics and government
|y 1971-
|
| 852 |
1 |
|
|a Ayesha Abed Library
|c General shelf.
|
| 999 |
|
|
|c 13319
|d 13319
|
| 952 |
|
|
|0 0
|1 0
|2 ddc
|4 0
|6 351_549200000000000_CHO
|7 0
|9 22216
|a IGS
|b IGS
|c GEN
|d 2012-04-22
|e A H Development Publishing House
|g 800.00
|l 1
|m 2
|o 351.5492 CHO
|p 3010026798
|r 2014-06-10
|s 2013-05-07
|t 1
|w 2012-04-22
|y BK
|